| 000 | 00491nam a2200181Ia 4500 | ||
|---|---|---|---|
| 003 | LK-CoDNM | ||
| 005 | 20240130110503.0 | ||
| 008 | 010623t1941 xxu||||| |||| 00| 1 sin d | ||
| 040 |
_aLK-CoDNM _dLK-CoDNM _eLK-CoDNM |
||
| 041 | _asin | ||
| 080 |
_a104 _bN 36 |
||
| 100 | _aBatuvantudave | ||
| 245 | _aරෝග විනිශ්චය 1 | ||
| 246 | _aMadhava Nidana .Part I | ||
| 260 |
_bRobert Batuvantudavee _aColombo _c1941 |
||
| 300 | _bVIII,180p., 20 260: 8thg cm | ||
| 942 | _cBK | ||
| 999 |
_c99949 _d99949 |
||